|
|
|
|
| LEADER |
00000nam0a2200000 4500 |
| 001 |
128962 |
| 005 |
20240801160237.0 |
| 010 |
|
|
|a 5280006475
|
| 035 |
|
|
|a (RuTPU)RU\TPU\book\139557
|
| 090 |
|
|
|a 128962
|
| 100 |
|
|
|a 20080117d1989 m y0rusy5003 ca
|
| 101 |
1 |
|
|a rus
|c pol
|
| 102 |
|
|
|a RU
|
| 105 |
|
|
|a y z 000ay
|
| 200 |
1 |
|
|a Рукопись, найденная в Сарагосе
|f Я. Потоцкий
|g пер. с польского Д. Горбов ; авт. предисл. С. Ланда
|
| 210 |
|
|
|a Москва
|c Художественная литература
|d 1989
|
| 215 |
|
|
|a 687 с.
|d 21 см
|
| 225 |
1 |
|
|a Исторический роман
|
| 606 |
1 |
|
|a Польская литература
|9 69434
|
| 610 |
1 |
|
|a художественная литература
|
| 610 |
1 |
|
|a исторические романы
|
| 675 |
|
|
|a 884
|v 4
|
| 700 |
|
1 |
|a Потоцкий
|b Я.
|g Ян
|4 070
|
| 702 |
|
1 |
|a Горбов
|b Д.
|4 730
|
| 702 |
|
1 |
|a Ланда
|b С.
|4 080
|
| 801 |
|
0 |
|a RU
|b RuMRKP
|c 19950417
|g psbo
|
| 801 |
|
1 |
|a RU
|b 63413507
|c 20080117
|g PSBO
|
| 801 |
|
2 |
|a RU
|b 63413507
|c 20220615
|g PSBO
|
| 942 |
|
|
|c BK
|